003570000a220010900045001000022000007000021000227000024000437000019000672450119000860410013002057730029002181 aHarold, Antony S.1 aVari, Richard P.1 aMachado Allison, A.1 aProvenzano, F.10aCreagrutus hysginus (Teleostei: Characiformes), A new species of Characid from Northeastern Venezuela, Sucre state0 aInglés1 tCopeiah4q975-979d1994